| 000 | 01562cam a22003494a 4500 | ||
|---|---|---|---|
| 001 | 13952517 | ||
| 003 | ARRUPE | ||
| 005 | 20150129165803.0 | ||
| 008 | 050505s2006 caua 001 0 eng | ||
| 010 | _a 2005013077 | ||
| 020 | _a0805390634 (pbk.) | ||
| 040 |
_aDLC _cDLC _dDLC |
||
| 042 | _apcc | ||
| 050 | 0 | 0 |
_aQC23 _b.F47 1989 Suppl. |
| 082 | 0 | 0 |
_a530/.076 _222 |
| 100 | 1 |
_aFeynman, Richard P. _q(Richard Phillips), _d1918-1988. _913896 |
|
| 245 | 1 | 0 |
_aFeynman's tips on physics : _ba problem-solving supplement to the Feynman lectures on physics / _cRichard P. Feynman, Michael A. Gottlieb, and Ralph Leighton ; with a memoir by Matthew Sands ; and exercises and answers by Robert B. Leighton and Rochus E. Vogt. |
| 260 |
_aSan Francisco : _bAddison-Wesley, _c1989. |
||
| 300 |
_axiii, 162 p. : _bill. ; _c23 cm. |
||
| 500 | _aIncludes index. | ||
| 650 | 0 |
_aPhysics. _92736 |
|
| 650 | 0 |
_aPhysics _vProblems, exercises, etc. _913897 |
|
| 700 | 1 |
_aGottlieb, Michael A. _913898 |
|
| 700 | 1 |
_aLeighton, Ralph. _913899 |
|
| 700 | 1 |
_aSands, Matthew L. _q(Matthew Linzee) _913900 |
|
| 700 | 1 |
_aLeighton, Robert B. _913629 |
|
| 700 | 1 |
_aVogt, Rochus, _d1929- _913901 |
|
| 700 | 1 |
_aFeynman, Richard P. _q(Richard Phillips), _d1918-1988. _tFeynman lectures on physics. _913902 |
|
| 906 |
_a7 _bcbc _corignew _d1 _eecip _f20 _gy-gencatlg |
||
| 942 |
_2lcc _cMONOGRAPH |
||
| 999 |
_c121649 _d121649 |
||